Perspectivas de desarrollo económico de la provincia de Burgos (en los próximos cinco años). (Record no. 187985)

MARC details
000 -LEADER
campo de control de longitud fija 00877nam a2200205 i 4500
001 - NÚMERO DE CONTROL
campo de control 187985
003 - IDENTIFICADOR DE NÚMERO DE CONTROL
campo de control ES-MaACL
005 - FECHA Y HORA DE LA ÚLTIMA TRANSACCIÓN
campo de control 20230906223056.0
008 - DATOS DE LONGITUD FIJA--INFORMACIÓN GENERAL
campo de control de longitud fija 180405s1962 sp |||| | spa d
110 2# - ENTRADA PRINCIPAL--NOMBRE DE ENTIDAD CORPORATIVA
Nombre de entidad corporativa o nombre de jurisdicción como elemento de entrada Consejo Económico Sindical Provincial (Burgos)
9 (RLIN) 164537
245 10 - MENCIÓN DEL TÍTULO
Título Perspectivas de desarrollo económico de la provincia de Burgos (en los próximos cinco años).
260 ## - PUBLICACIÓN, DISTRIBUCIÓN, ETC.
Lugar de publicación, distribución, etc. [S.l. :
Nombre del editor, distribuidor, etc. s.n.],
Fecha de publicación, distribución, etc. 1962 (
Lugar de fabricación/manufactura Madrid :
Fabricante Hispalense Industrial)
300 ## - DESCRIPCIÓN FÍSICA
Extensión 81 p. ;
Dimensiones 28 cm.
490 1# - MENCIÓN DE SERIE
Mención de serie Organizacion Sindical. Consejo Económico Nacional. Gabinete Técnico ;
Designación de volumen o secuencia 33
594 ## - Nota al título y mención de responsabilidad
Nota al título y mención de responsabilidad Precede al tít.: Consejo Económico Sindical Provincial, Burgos.
651 #4 - PUNTO DE ACCESO ADICIONAL DE MATERIA--NOMBRE GEOGRÁFICO
Nombre geográfico Burgos (Provincia)-
Subdivisión general Situación económica.
9 (RLIN) 164538
830 0# - PUNTO DE ACCESO ADICIONAL DE SERIE-TÍTULO UNIFORME
Título uniforme Organizacion Sindical. Consejo Económico Nacional. Gabinete Técnico ;
Designación de volumen o secuencia 33
9 (RLIN) 192940
852 ## - LOCALIZACIÓN
Ubicación ES-MaACL
Número de control de estantería B-13780
Holdings
Estatus retirado Estado de pérdida Estado de daño No para préstamo Biblioteca de origen Biblioteca actual Ubicación en estantería Fecha de adquisición Fuente de adquisición Total de préstamos Signatura topográfica completa Código de barras Visto por última vez Precio de reemplazo Tipo de ítem Koha
        Biblioteca del Ateneo de Madrid Biblioteca del Ateneo de Madrid Sala Pardo Bazán 05/04/2018     B-13780 1198637 23/02/2023 23/02/2023 Libro impreso